Tragédia slovenských Židov : materiály z medzinárodného sympózia : Banská Bystrica 25.-27. marca 1992

Korporativní autor: Slovensko. Ministerstvo kultúry
Další autoři: Tragédia slovenských Židov (sympozium), Múzeum Slovenského národného povstania
Jazyk: Slovenština
Čeština
Vydáno: Banská Bystrica : vydalo Datei pre Ministerstvo kultúry Slovenskej republiky a Múzeum Slovenského národního povstania v Banskej Bystrici, 1992
Vydání: Vydanie prvé
Témata:
Fyzický popis: 327 stran : ilustrace ; 21 cm
Language note: Částečně český text
Knihy
Uloženo v:
LEADER 02332nam a2200565 i 4500
001 000064341
003 CZ BrMZK
005 20260223085830.0
007 ta
008 950407s1992 xo a f 100 0 slo
020 |a 80-85306-04-2  |q (brožováno) 
040 |a BOA001  |b cze  |e rda 
041 0 |a slo  |a cze 
043 |a e-xo--- 
045 |a x3x4 
072 7 |a 323  |x Vnitropolitický vývoj, politický život  |2 Konspekt  |9 15 
080 |a (=411.16)  |2 MRF 
080 |a 323.28  |2 MRF 
080 |a 323.12"1939/1945"  |2 MRF 
080 |a 94(437.6)  |2 MRF 
080 |a (437.6)  |2 MRF 
080 |a (062.534)  |2 MRF 
111 2 |a Tragédia slovenských Židov (sympozium)  |d (1992 :  |c Banská Bystrica, Slovensko)  |7 mzk20261286554  |4 aut 
245 1 0 |a Tragédia slovenských Židov :  |b materiály z medzinárodného sympózia : Banská Bystrica 25.-27. marca 1992 
250 |a Vydanie prvé 
264 1 |a Banská Bystrica :  |b vydalo Datei pre Ministerstvo kultúry Slovenskej republiky a Múzeum Slovenského národního povstania v Banskej Bystrici,  |c 1992 
300 |a 327 stran :  |b ilustrace ;  |c 21 cm 
336 |a text  |b txt  |2 rdacontent 
337 |a bez média  |b n  |2 rdamedia 
338 |a svazek  |b nc  |2 rdacarrier 
546 |a Částečně český text 
648 7 |a 1939-1945  |7 ch460653  |2 czenas 
650 0 7 |a Židé  |7 ph127782  |z Slovensko  |y 1939-1945  |2 czenas 
650 0 7 |a Židé  |7 ph127782  |x perzekuce  |y 1939-1945  |2 czenas 
650 0 7 |a holocaust (1939-1945)  |7 ph117203  |z Slovensko  |2 czenas 
650 0 9 |a Jews  |z Slovakia  |y 1939-1945  |2 eczenas 
650 0 9 |a Jews  |x persecutions  |y 1939-1945  |2 eczenas 
650 0 9 |a holocaust (1939-1945)  |z Slovakia  |2 eczenas 
651 7 |a Slovensko  |7 ge128580  |x dějiny  |y 1939-1945  |2 czenas 
651 7 |a Slovenský štát (1939-1945)  |7 ge137395  |2 czenas 
651 9 |a Slovakia  |x history  |y 1939-1945  |2 eczenas 
651 9 |a Slovak State (1939-1945)  |2 eczenas 
655 7 |a sborníky konferencí  |7 fd133333  |2 czenas 
655 9 |a proceedings of conferences  |2 eczenas 
710 1 |a Slovensko.  |b Ministerstvo kultúry  |7 nlk20030131007  |4 orm  |4 isb 
710 2 |a Múzeum Slovenského národného povstania  |7 pna2005285404  |4 orm  |4 isb 
910 |a BOA001  |b PK-0116.748  |b KPB-0001.671 
990 |a BK 
991 |b 202602 
996 7 |b 3119971149  |c PK-0116.748  |l MZK  |r Sklad / do 1 hodiny  |n 12  |w 000064341  |u 000010  |a 1  |e BOA001  |j MZK50  |s A